Surfs Up Movie Quiz - Statistics

General Stats
  • This quiz has been taken 396 times
  • The average score is 5 of 15
Answer Stats
Hint Answer % Correct
what is cody's last name Maverick
90%
who helped cody make a board Big Z
75%
Who wins the final heat Chicken Joe
61%
who pulls Tank out of the water Lani
48%
what does Z like to eat Clams
40%
who does tank live with His mom
29%
what does cody step on Fire urchin
26%
what does chicken joe give the natives Squid on a stick
25%
who does tank love His trophies
19%
what is Tank's nickname The shredder
16%
Who is in love with Lani Arnold
13%
How does Joe know Cody is in the forest He can feel it in his nuggets
8%
what happened to chicken joe's dad 6 piece combo
6%
What does Big Z do with cody's first surf board Makes BBQ
1%
where was Z last seen paddling into a massive wave
1%
No matching quizzes found
Score Distribution
Percent of People with Each Score
Percentile by Number Answered
Your Score History
You have not taken this quiz